Italy from Napoleon to Mussolini

Shranjeno v:
Bibliografske podrobnosti
Glavni avtor: Albrecht-Carrie, Rene
Format: Knjiga
Jezik:Undetermined
Izdano: New York Columbia University Press 1950
Teme:
Oznake: Označite
Brez oznak, prvi označite!
Thư viện lưu trữ: Trung tâm Học liệu Trường Đại học Cần Thơ
LEADER 00617nam a2200205Ia 4500
001 CTU_108427
008 210402s9999 xx 000 0 und d
082 |a 945.08 
082 |b A341 
100 |a Albrecht-Carrie, Rene 
245 0 |a Italy from Napoleon to Mussolini 
245 0 |c Rene Albrecht-Carrie 
260 |a New York 
260 |b Columbia University Press 
260 |c 1950 
650 |a Napoleon i, emperor of the french, 1769-1821,Italy,Italy 
650 |x Influence,History,History 
650 |y 1815- 1870,1870- 1914 
904 |i M.Loan 
980 |a Trung tâm Học liệu Trường Đại học Cần Thơ